01205 a2200169 45000010006000000050017000060080041000230030015000640400040000790800107001192450094002262640047003203000019003675050622003860410008010081000019010166226720260407155916.0260407a1960 arg spa dAR-UNSa-BCEJYS aAR-UNSa-BCEJYSbspacAR-UNSa-BCEJYS a35.08xPersonal administrativo. Funcionarios. plantilla. función pública. Teoría, organización10aLa función públicapCaracteres jurídicos y políticos. La moralidad administrativa 1aBuenos Aires :bRoque Depalma Editorc1960 a249 p.c24 cm. a 1. El empleo público, situación de inferioridad en la protección legal del funcionario público respecto al empleado privado - 2. La moral política y administrativa en la función pública – 3. La jerarquía administrativa y los factores que la informan – 4. El estatuto del funcionario público – 5. Principios generales de derecho público – 6. Examen critico de un estatuto de funcionario público – 7. El estatuto de funcionarios públicos – 8. El enriquecimiento ilícito de los funcionarios públicos – 9. Sobre gestiones patrimoniales ilícitas de los funcionarios públicos. aspa1 aBielsa, Rafael